[Event "23rd European Team Chess Championship 2021 - Open"]
[Site "Catez, Slovenia"]
[Date "2021.11.15"]
[Round "4"]
[Board "3"]
[White "Alekseenko, Kirill"]
[Black "Piorun, Kacper"]
[Result "1/2-1/2"]
[WhiteElo "2710"]
[BlackElo "2634"]
[PlyCount "0"]
[EventDate "2021.11.12"]
[EventType "team"]
[EventRounds "9"]
[EventCountry "ECX"]
[WhiteTeam "Russia"]
[BlackTeam "Poland"]

1. e4 {[%clk 01:30:55]} {[%emt 00:00:04]} e6 {[%clk 01:30:40]} {[%emt
00:00:20]} 2. d4 {[%clk 01:30:53]} {[%emt 00:00:32]} d5 {[%clk 01:31:03]}
{[%emt 00:00:07]} 3. Nc3 {[%clk 01:30:56]} {[%emt 00:00:27]} Bb4 {[%clk
01:31:11]} {[%emt 00:00:22]} 4. e5 {[%clk 01:31:00]} {[%emt 00:00:26]} c5
{[%clk 01:31:33]} {[%emt 00:00:08]} 5. a3 {[%clk 01:30:44]} {[%emt 00:00:47]}
Ba5 {[%clk 01:31:54]} {[%emt 00:00:08]} 6. b4 {[%clk 01:26:35]} {[%emt
00:04:40]} cxd4 {[%clk 01:32:13]} {[%emt 00:00:11]} 7. Nb5 {[%clk 01:20:49]}
{[%emt 00:06:16]} Bc7 {[%clk 01:32:31]} {[%emt 00:00:11]} 8. f4 {[%clk
01:07:43]} {[%emt 00:13:36]} Bd7 {[%clk 01:23:19]} {[%emt 00:09:42]} 9. Nf3
{[%clk 00:59:24]} {[%emt 00:08:49]} Bxb5 {[%clk 01:13:29]} {[%emt 00:10:21]} 10.
Bxb5+ {[%clk 00:59:49]} {[%emt 00:00:04]} Nc6 {[%clk 01:13:53]} {[%emt
00:00:05]} 11. O-O {[%clk 00:58:21]} {[%emt 00:01:59]} Nge7 {[%clk 01:11:23]}
{[%emt 00:03:01]} 12. Bd3 {[%clk 00:56:47]} {[%emt 00:02:03]} Nf5 {[%clk
01:07:00]} {[%emt 00:04:52]} 13. Bxf5 {[%clk 00:53:33]} {[%emt 00:03:45]} exf5
{[%clk 01:07:25]} {[%emt 00:00:06]} 14. Bb2 {[%clk 00:51:40]} {[%emt 00:02:22]}
Qd7 {[%clk 00:59:48]} {[%emt 00:08:08]} 15. Kh1 {[%clk 00:46:50]} {[%emt
00:05:19]} Bb6 {[%clk 00:56:49]} {[%emt 00:03:28]} 16. Qd3 {[%clk 00:41:43]}
{[%emt 00:05:38]} a6 {[%clk 00:43:35]} {[%emt 00:13:45]} 17. Rad1 {[%clk
00:40:48]} {[%emt 00:01:24]} O-O {[%clk 00:20:07]} {[%emt 00:23:58]} 18. Bxd4
{[%clk 00:38:22]} {[%emt 00:02:56]} Nxd4 {[%clk 00:20:13]} {[%emt 00:00:23]} 19.
Nxd4 {[%clk 00:38:47]} {[%emt 00:00:05]} Bxd4 {[%clk 00:20:27]} {[%emt
00:00:16]} 20. Qxd4 {[%clk 00:39:14]} {[%emt 00:00:04]} Qa4 {[%clk 00:20:29]}
{[%emt 00:00:28]} 21. Qxd5 {[%clk 00:37:56]} {[%emt 00:01:48]} Qxa3 {[%clk
00:17:47]} {[%emt 00:03:12]} 22. Qxb7 {[%clk 00:35:11]} {[%emt 00:03:15]} Qc3
{[%clk 00:18:01]} {[%emt 00:00:15]} 23. Rd7 {[%clk 00:31:08]} {[%emt 00:04:34]}
Qc4 {[%clk 00:14:37]} {[%emt 00:03:54]} 24. Rfd1 {[%clk 00:30:58]} {[%emt
00:00:39]} Qxc2 {[%clk 00:09:15]} {[%emt 00:05:53]} 25. e6 {[%clk 00:30:55]}
{[%emt 00:00:33]} Rae8 {[%clk 00:09:31]} {[%emt 00:00:15]} 26. R7d2 {[%clk
00:18:39]} {[%emt 00:12:45]} Qe4 {[%clk 00:09:23]} {[%emt 00:00:36]} 27. exf7+
{[%clk 00:18:28]} {[%emt 00:00:43]} Rxf7 {[%clk 00:09:46]} {[%emt 00:00:06]} 28.
Qxa6 {[%clk 00:18:27]} {[%emt 00:00:32]} Qxb4 {[%clk 00:05:45]} {[%emt
00:04:30]} 29. Rd8 {[%clk 00:15:34]} {[%emt 00:03:23]} Rfe7 {[%clk 00:05:40]}
{[%emt 00:00:35]} 30. Qa2+ {[%clk 00:15:57]} {[%emt 00:00:07]} Kf8 {[%clk
00:06:00]} {[%emt 00:00:11]} 31. Rxe8+ {[%clk 00:16:22]} {[%emt 00:00:05]}
 1/2-1/2

[Event "23rd European Team Chess Championship 2021 - Open"]
[Site "Catez, Slovenia"]
[Date "2021.11.15"]
[Round "4"]
[Board "2"]
[White "Dragnev, Valentin"]
[Black "Lupulescu, Constantin"]
[Result "1-0"]
[WhiteElo "2548"]
[BlackElo "2624"]
[PlyCount "0"]
[EventDate "2021.11.12"]
[EventType "team"]
[EventRounds "9"]
[EventCountry "ECX"]
[WhiteTeam "Austria"]
[BlackTeam "Romania"]

1. e4 {[%clk 01:30:57]} {[%emt 00:00:03]} c5 {[%clk 01:30:56]} {[%emt
00:00:05]} 2. Nf3 {[%clk 01:31:21]} {[%emt 00:00:06]} d6 {[%clk 01:31:22]}
{[%emt 00:00:04]} 3. d4 {[%clk 01:31:45]} {[%emt 00:00:05]} cxd4 {[%clk
01:31:48]} {[%emt 00:00:04]} 4. Nxd4 {[%clk 01:32:11]} {[%emt 00:00:05]} Nf6
{[%clk 01:32:13]} {[%emt 00:00:05]} 5. Nc3 {[%clk 01:32:38]} {[%emt 00:00:03]}
Nc6 {[%clk 01:32:38]} {[%emt 00:00:05]} 6. Bg5 {[%clk 01:33:02]} {[%emt
00:00:06]} Bd7 {[%clk 01:32:58]} {[%emt 00:00:09]} 7. Qd2 {[%clk 01:33:26]}
{[%emt 00:00:07]} h6 {[%clk 01:33:21]} {[%emt 00:00:08]} 8. Bxf6 {[%clk
01:29:32]} {[%emt 00:04:24]} gxf6 {[%clk 01:33:38]} {[%emt 00:00:13]} 9. O-O-O
{[%clk 01:29:32]} {[%emt 00:00:29]} Nxd4 {[%clk 01:32:31]} {[%emt 00:01:37]} 10.
Qxd4 {[%clk 01:28:06]} {[%emt 00:01:56]} Qa5 {[%clk 01:32:56]} {[%emt
00:00:05]} 11. f4 {[%clk 01:20:16]} {[%emt 00:08:20]} Rc8 {[%clk 01:31:33]}
{[%emt 00:01:52]} 12. Kb1 {[%clk 01:18:45]} {[%emt 00:02:02]} Qc5 {[%clk
01:31:16]} {[%emt 00:00:46]} 13. Qd2 {[%clk 01:16:31]} {[%emt 00:02:44]} f5
{[%clk 01:29:16]} {[%emt 00:02:31]} 14. exf5 {[%clk 01:14:46]} {[%emt
00:02:15]} Bxf5 {[%clk 01:22:45]} {[%emt 00:07:01]} 15. Bb5+ {[%clk 01:11:26]}
{[%emt 00:03:50]} Bd7 {[%clk 01:16:24]} {[%emt 00:06:50]} 16. Rhe1 {[%clk
01:07:14]} {[%emt 00:04:43]} Kd8 {[%clk 00:42:32]} {[%emt 00:34:22]} 17. Re5
{[%clk 00:57:57]} {[%emt 00:09:47]} Qb6 {[%clk 00:28:50]} {[%emt 00:14:12]} 18.
Bxd7 {[%clk 00:50:34]} {[%emt 00:07:54]} Kxd7 {[%clk 00:29:10]} {[%emt
00:00:09]} 19. Rb5 {[%clk 00:50:55]} {[%emt 00:00:09]} Qa6 {[%clk 00:26:39]}
{[%emt 00:03:00]} 20. Qd5 {[%clk 00:47:39]} {[%emt 00:03:46]} Rc7 {[%clk
00:21:40]} {[%emt 00:05:29]} 21. Qxf7 {[%clk 00:12:57]} {[%emt 00:35:13]} Rxc3
{[%clk 00:20:03]} {[%emt 00:02:07]} 22. Qf5+ {[%clk 00:13:25]} {[%emt
00:00:02]} e6 {[%clk 00:20:07]} {[%emt 00:00:26]} 23. Qf7+ {[%clk 00:13:50]}
{[%emt 00:00:05]} Be7 {[%clk 00:18:55]} {[%emt 00:01:42]} 24. Re5 {[%clk
00:14:13]} {[%emt 00:00:07]} Rc7 {[%clk 00:13:18]} {[%emt 00:06:07]} 25. Rxe6
{[%clk 00:14:35]} {[%emt 00:00:08]} Kd8 {[%clk 00:13:22]} {[%emt 00:00:26]} 26.
Qg7 {[%clk 00:12:17]} {[%emt 00:02:48]} Re8 {[%clk 00:10:43]} {[%emt 00:03:08]}
27. Qg6 {[%clk 00:09:23]} {[%emt 00:03:24]} Rh8 {[%clk 00:02:38]} {[%emt
00:08:35]} 28. a3 {[%clk 00:05:40]} {[%emt 00:04:14]} Kc8 {[%clk 00:02:28]}
{[%emt 00:00:39]} 29. Qg7 {[%clk 00:05:16]} {[%emt 00:00:54]} Re8 {[%clk
00:02:37]} {[%emt 00:00:21]} 30. Qxh6 {[%clk 00:04:58]} {[%emt 00:00:48]} Qc4
{[%clk 00:01:48]} {[%emt 00:01:19]} 31. Qg6 {[%clk 00:04:35]} {[%emt 00:00:53]}
Rf8 {[%clk 00:01:59]} {[%emt 00:00:19]} 32. g3 {[%clk 00:04:45]} {[%emt
00:00:21]} Rd8 {[%clk 00:00:45]} {[%emt 00:01:44]} 33. Rde1 {[%clk 00:03:45]}
{[%emt 00:01:30]} Bf8 {[%clk 00:00:54]} {[%emt 00:00:20]} 34. Re8 {[%clk
00:03:56]} {[%emt 00:00:20]} Qf7 {[%clk 00:00:57]} {[%emt 00:00:27]} 35. Qg4+
{[%clk 00:03:32]} {[%emt 00:00:54]} Rcd7 {[%clk 00:01:16]} {[%emt 00:00:11]} 36.
R8e6 {[%clk 00:02:01]} {[%emt 00:02:01]} Kb8 {[%clk 00:01:34]} {[%emt
00:00:11]} 37. f5 {[%clk 00:01:55]} {[%emt 00:00:37]} Rc8 {[%clk 00:01:16]}
{[%emt 00:00:48]} 38. Qf3 {[%clk 00:01:14]} {[%emt 00:01:11]} Rdc7 {[%clk
00:01:32]} {[%emt 00:00:14]} 39. R1e2 {[%clk 00:01:26]} {[%emt 00:00:18]} Qd7
{[%clk 00:00:50]} {[%emt 00:01:11]} 40. g4 {[%clk 00:01:14]} {[%emt 00:00:42]}
Qb5 {[%clk 00:00:45]} {[%emt 00:00:36]} 41. R6e3 {[%clk 00:27:19]} {[%emt
00:04:25]} Bh6 {[%clk 00:24:49]} {[%emt 00:06:25]} 42. Rb3 {[%clk 00:24:08]}
{[%emt 00:03:41]} Qa6 {[%clk 00:16:10]} {[%emt 00:09:09]} 43. h4 {[%clk
00:20:16]} {[%emt 00:04:23]} Bf4 {[%clk 00:14:59]} {[%emt 00:01:41]} 44. g5
{[%clk 00:19:27]} {[%emt 00:01:19]} Be5 {[%clk 00:14:31]} {[%emt 00:00:58]} 45.
f6 {[%clk 00:18:55]} {[%emt 00:01:02]} Rc4 {[%clk 00:12:39]} {[%emt 00:02:21]}
46. Rb4 {[%clk 00:17:41]} {[%emt 00:01:44]} Rxb4 {[%clk 00:08:35]} {[%emt
00:04:35]} 47. axb4 {[%clk 00:18:08]} {[%emt 00:00:02]} Qc4 {[%clk 00:05:27]}
{[%emt 00:03:37]} 48. f7 {[%clk 00:13:09]} {[%emt 00:05:30]} Rf8 {[%clk
00:05:13]} {[%emt 00:00:45]} 49. Rxe5 {[%clk 00:07:38]} {[%emt 00:06:01]} dxe5
{[%clk 00:05:33]} {[%emt 00:00:09]} 50. g6 {[%clk 00:08:04]} {[%emt 00:00:05]}
Qd4 {[%clk 00:04:27]} {[%emt 00:01:36]} 51. Qf6 {[%clk 00:05:15]} {[%emt
00:03:19]} Qd1+ {[%clk 00:04:02]} {[%emt 00:00:55]} 52. Ka2 {[%clk 00:05:43]}
{[%emt 00:00:02]} Qd5+ {[%clk 00:04:27]} {[%emt 00:00:05]} 53. b3 {[%clk
00:05:16]} {[%emt 00:00:56]}  1-0

[Event "23rd European Team Chess Championship 2021 - Open"]
[Site "Catez, Slovenia"]
[Date "2021.11.16"]
[Round "5"]
[Board "2"]
[White "Berkes, Ferenc"]
[Black "Anton Guijarro, David"]
[Result "1/2-1/2"]
[WhiteElo "2676"]
[BlackElo "2669"]
[PlyCount "0"]
[EventDate "2021.11.12"]
[EventType "team"]
[EventRounds "9"]
[EventCountry "ECX"]
[WhiteTeam "Hungary"]
[BlackTeam "Spain"]

1. d4 {[%clk 01:30:57]} {[%emt 00:00:02]} d5 {[%clk 01:30:45]} {[%emt
00:00:15]} 2. Nf3 {[%clk 01:31:17]} {[%emt 00:00:10]} e6 {[%clk 01:30:26]}
{[%emt 00:00:49]} 3. Bf4 {[%clk 01:25:37]} {[%emt 00:06:10]} Bd6 {[%clk
01:29:42]} {[%emt 00:01:13]} 4. e3 {[%clk 01:25:59]} {[%emt 00:00:09]} Nf6
{[%clk 01:27:45]} {[%emt 00:02:27]} 5. Nbd2 {[%clk 01:22:36]} {[%emt 00:03:53]}
O-O {[%clk 01:24:31]} {[%emt 00:03:43]} 6. Bd3 {[%clk 01:22:53]} {[%emt
00:00:14]} Bxf4 {[%clk 01:24:30]} {[%emt 00:00:31]} 7. exf4 {[%clk 01:23:18]}
{[%emt 00:00:06]} b6 {[%clk 01:24:49]} {[%emt 00:00:11]} 8. Qe2 {[%clk
01:19:09]} {[%emt 00:04:39]} c5 {[%clk 01:24:29]} {[%emt 00:00:49]} 9. c3
{[%clk 01:19:23]} {[%emt 00:00:16]} a5 {[%clk 01:24:26]} {[%emt 00:00:32]} 10.
O-O {[%clk 01:18:10]} {[%emt 00:01:44]} Ba6 {[%clk 01:22:55]} {[%emt 00:02:01]}
11. Rfe1 {[%clk 01:17:51]} {[%emt 00:00:49]} Bxd3 {[%clk 01:16:49]} {[%emt
00:06:36]} 12. Qxd3 {[%clk 01:18:14]} {[%emt 00:00:07]} Nc6 {[%clk 01:16:13]}
{[%emt 00:01:06]} 13. f5 {[%clk 01:07:45]} {[%emt 00:10:59]} exf5 {[%clk
01:14:05]} {[%emt 00:02:37]} 14. Qxf5 {[%clk 01:06:57]} {[%emt 00:01:19]} cxd4
{[%clk 01:13:16]} {[%emt 00:01:19]} 15. cxd4 {[%clk 01:02:34]} {[%emt
00:04:54]} Qc8 {[%clk 01:08:53]} {[%emt 00:04:52]} 16. Qxc8 {[%clk 00:57:55]}
{[%emt 00:05:09]} Rfxc8 {[%clk 01:07:24]} {[%emt 00:01:59]} 17. a3 {[%clk
00:58:16]} {[%emt 00:00:09]} a4 {[%clk 00:56:13]} {[%emt 00:11:40]} 18. Rac1
{[%clk 00:51:40]} {[%emt 00:07:06]} Na5 {[%clk 00:51:53]} {[%emt 00:04:50]} 19.
Ne5 {[%clk 00:51:36]} {[%emt 00:00:35]} b5 {[%clk 00:50:36]} {[%emt 00:01:47]}
20. Nd3 {[%clk 00:51:38]} {[%emt 00:00:28]} Rxc1 {[%clk 00:37:43]} {[%emt
00:13:22]} 21. Rxc1 {[%clk 00:50:28]} {[%emt 00:01:40]} Ne4 {[%clk 00:37:41]}
{[%emt 00:00:32]} 22. Nb1 {[%clk 00:32:05]} {[%emt 00:18:54]} Nb3 {[%clk
00:34:25]} {[%emt 00:03:45]} 23. Rd1 {[%clk 00:32:30]} {[%emt 00:00:06]} f6
{[%clk 00:22:01]} {[%emt 00:12:54]} 24. f3 {[%clk 00:31:25]} {[%emt 00:01:35]}
Nd6 {[%clk 00:22:26]} {[%emt 00:00:04]} 25. Nc3 {[%clk 00:31:48]} {[%emt
00:00:08]} Rd8 {[%clk 00:22:51]} {[%emt 00:00:05]} 26. Kf2 {[%clk 00:24:35]}
{[%emt 00:07:44]} Kf7 {[%clk 00:21:58]} {[%emt 00:01:22]} 27. g4 {[%clk
00:19:45]} {[%emt 00:05:20]} g5 {[%clk 00:19:33]} {[%emt 00:02:55]} 28. h4
{[%clk 00:18:48]} {[%emt 00:01:27]} gxh4 {[%clk 00:17:03]} {[%emt 00:03:00]} 29.
Rh1 {[%clk 00:19:07]} {[%emt 00:00:11]} h5 {[%clk 00:16:45]} {[%emt 00:00:48]}
30. Rxh4 {[%clk 00:18:38]} {[%emt 00:00:59]} hxg4 {[%clk 00:16:48]} {[%emt
00:00:27]} 31. Rxg4 {[%clk 00:17:44]} {[%emt 00:01:24]} Rh8 {[%clk 00:15:52]}
{[%emt 00:01:25]} 32. Nxd5 {[%clk 00:16:39]} {[%emt 00:01:35]} Nf5 {[%clk
00:13:24]} {[%emt 00:02:59]} 33. Nc5 {[%clk 00:11:21]} {[%emt 00:05:47]} Nbxd4
{[%clk 00:12:21]} {[%emt 00:01:34]} 34. Ne4 {[%clk 00:11:25]} {[%emt 00:00:27]}
Rh3 {[%clk 00:11:07]} {[%emt 00:01:44]} 35. Nexf6 {[%clk 00:07:35]} {[%emt
00:04:20]} Rxf3+ {[%clk 00:10:48]} {[%emt 00:00:48]} 36. Ke1 {[%clk 00:08:00]}
{[%emt 00:00:05]} Rb3 {[%clk 00:09:34]} {[%emt 00:01:43]} 37. Rg2 {[%clk
00:07:45]} {[%emt 00:00:47]} Ke6 {[%clk 00:08:54]} {[%emt 00:01:09]} 38. Kd1
{[%clk 00:07:15]} {[%emt 00:01:00]} Rd3+ {[%clk 00:05:43]} {[%emt 00:03:40]} 39.
Rd2 {[%clk 00:06:46]} {[%emt 00:01:00]} Rb3 {[%clk 00:04:37]} {[%emt 00:01:36]}
40. Kc1 {[%clk 00:05:44]} {[%emt 00:01:32]} Rf3 {[%clk 00:03:06]} {[%emt
00:02:01]} 41. Rd1 {[%clk 00:04:16]} {[%emt 00:01:58]} Nb3+ {[%clk 00:27:49]}
{[%emt 00:05:46]} 42. Kb1 {[%clk 00:34:26]} {[%emt 00:00:20]} Nfd4 {[%clk
00:26:44]} {[%emt 00:01:35]} 43. Re1+ {[%clk 00:32:40]} {[%emt 00:02:17]} Kd6
{[%clk 00:26:26]} {[%emt 00:00:48]} 44. Rd1 {[%clk 00:32:27]} {[%emt 00:00:43]}
Rf5 {[%clk 00:21:34]} {[%emt 00:05:21]} 45. Nc3 {[%clk 00:29:09]} {[%emt
00:03:48]} Rxf6 {[%clk 00:21:34]} {[%emt 00:00:30]} 46. Ne4+ {[%clk 00:29:27]}
{[%emt 00:00:12]} Ke5 {[%clk 00:21:58]} {[%emt 00:00:05]} 47. Nxf6 {[%clk
00:29:52]} {[%emt 00:00:06]} Kxf6 {[%clk 00:22:25]} {[%emt 00:00:02]} 48. Re1
{[%clk 00:29:25]} {[%emt 00:00:57]} Kf5 {[%clk 00:22:08]} {[%emt 00:00:47]} 49.
Re7 {[%clk 00:27:32]} {[%emt 00:02:24]} Kf4 {[%clk 00:22:16]} {[%emt 00:00:22]}
50. Re8 {[%clk 00:26:51]} {[%emt 00:01:11]} Kf3 {[%clk 00:19:53]} {[%emt
00:02:53]} 51. Re7 {[%clk 00:22:39]} {[%emt 00:04:41]} Nd2+ {[%clk 00:19:03]}
{[%emt 00:01:20]} 52. Kc1 {[%clk 00:23:04]} {[%emt 00:00:06]} Ne4 {[%clk
00:19:22]} {[%emt 00:00:10]} 53. Rh7 {[%clk 00:22:48]} {[%emt 00:00:47]} Ke3
{[%clk 00:19:15]} {[%emt 00:00:37]} 54. Rh3+ {[%clk 00:22:41]} {[%emt
00:00:37]} Ke2 {[%clk 00:17:53]} {[%emt 00:01:51]} 55. Rh2+ {[%clk 00:22:01]}
{[%emt 00:01:09]} Kd3 {[%clk 00:17:47]} {[%emt 00:00:37]} 56. Rh3+ {[%clk
00:22:03]} {[%emt 00:00:30]} Kc4 {[%clk 00:18:03]} {[%emt 00:00:13]} 57. Rh4
{[%clk 00:22:10]} {[%emt 00:00:23]} Ng5 {[%clk 00:17:06]} {[%emt 00:01:27]} 58.
Rh5 {[%clk 00:18:08]} {[%emt 00:04:32]} Ngf3 {[%clk 00:15:58]} {[%emt
00:01:38]} 59. Rh3 {[%clk 00:18:26]} {[%emt 00:00:11]} Kd3 {[%clk 00:15:24]}
{[%emt 00:01:04]} 60. Kd1 {[%clk 00:17:14]} {[%emt 00:01:42]} Ke4 {[%clk
00:14:40]} {[%emt 00:01:15]} 61. Rh5 {[%clk 00:15:43]} {[%emt 00:02:01]} Ke3
{[%clk 00:14:32]} {[%emt 00:00:38]} 62. Rc5 {[%clk 00:14:24]} {[%emt 00:01:49]}
Kd3 {[%clk 00:14:14]} {[%emt 00:00:47]} 63. Rc3+ {[%clk 00:14:49]} {[%emt
00:00:06]} Ke4 {[%clk 00:14:41]} {[%emt 00:00:03]} 64. Rc8 {[%clk 00:14:46]}
{[%emt 00:00:33]} Kd5 {[%clk 00:13:32]} {[%emt 00:01:38]} 65. Kc1 {[%clk
00:14:06]} {[%emt 00:01:10]} Ke5 {[%clk 00:11:10]} {[%emt 00:02:52]} 66. Re8+
{[%clk 00:13:53]} {[%emt 00:00:44]} Kd6 {[%clk 00:11:13]} {[%emt 00:00:27]} 67.
Rd8+ {[%clk 00:13:52]} {[%emt 00:00:31]} Kc5 {[%clk 00:10:08]} {[%emt
00:01:34]} 68. Rc8+ {[%clk 00:14:17]} {[%emt 00:00:06]} Nc6 {[%clk 00:10:28]}
{[%emt 00:00:10]} 69. Kc2 {[%clk 00:14:16]} {[%emt 00:00:31]} Nfe5 {[%clk
00:10:39]} {[%emt 00:00:18]} 70. b3 {[%clk 00:12:27]} {[%emt 00:02:20]} Nd7
{[%clk 00:10:43]} {[%emt 00:00:25]} 71. bxa4 {[%clk 00:12:34]} {[%emt
00:00:23]} bxa4 {[%clk 00:11:08]} {[%emt 00:00:05]} 72. Kd3 {[%clk 00:11:24]}
{[%emt 00:01:40]} Nb6 {[%clk 00:11:04]} {[%emt 00:00:34]} 73. Rc7 {[%clk
00:11:44]} {[%emt 00:00:10]} Nd5 {[%clk 00:11:10]} {[%emt 00:00:24]} 74. Rc8
{[%clk 00:11:51]} {[%emt 00:00:22]} Nb6 {[%clk 00:10:08]} {[%emt 00:01:33]} 75.
Rc7 {[%clk 00:12:09]} {[%emt 00:00:11]} Nd5 {[%clk 00:10:33]} {[%emt 00:00:05]}
 1/2-1/2

[Event "23rd European Team Chess Championship 2021 - Open"]
[Site "Catez, Slovenia"]
[Date "2021.11.16"]
[Round "5"]
[Board "1"]
[White "Jobava, Baadur"]
[Black "Korobov, Anton"]
[Result "1/2-1/2"]
[WhiteElo "2582"]
[BlackElo "2684"]
[PlyCount "0"]
[EventDate "2021.11.12"]
[EventType "team"]
[EventRounds "9"]
[EventCountry "ECX"]
[WhiteTeam "Georgia"]
[BlackTeam "Ukraine"]

1. e4 {[%clk 01:30:46]} {[%emt 00:00:12]} c5 {[%clk 01:30:54]} {[%emt
00:00:06]} 2. Nf3 {[%clk 01:31:07]} {[%emt 00:00:09]} d6 {[%clk 01:31:15]}
{[%emt 00:00:08]} 3. Bb5+ {[%clk 01:31:30]} {[%emt 00:00:08]} Nd7 {[%clk
01:30:54]} {[%emt 00:00:52]} 4. c3 {[%clk 01:31:33]} {[%emt 00:00:27]} Ngf6
{[%clk 01:30:49]} {[%emt 00:00:35]} 5. Bd3 {[%clk 01:31:50]} {[%emt 00:00:13]}
b6 {[%clk 01:30:14]} {[%emt 00:01:04]} 6. O-O {[%clk 01:31:43]} {[%emt
00:00:37]} Bb7 {[%clk 01:30:38]} {[%emt 00:00:06]} 7. Qe2 {[%clk 01:31:54]}
{[%emt 00:00:20]} Qc7 {[%clk 01:30:28]} {[%emt 00:00:39]} 8. Bc2 {[%clk
01:30:00]} {[%emt 00:02:24]} Rc8 {[%clk 01:28:55]} {[%emt 00:02:02]} 9. d3
{[%clk 01:24:50]} {[%emt 00:05:42]} e6 {[%clk 01:27:53]} {[%emt 00:01:32]} 10.
a4 {[%clk 01:24:57]} {[%emt 00:00:23]} Be7 {[%clk 01:27:00]} {[%emt 00:01:22]}
11. Na3 {[%clk 01:25:14]} {[%emt 00:00:14]} a6 {[%clk 01:22:37]} {[%emt
00:04:53]} 12. d4 {[%clk 01:25:26]} {[%emt 00:00:18]} cxd4 {[%clk 01:22:05]}
{[%emt 00:01:02]} 13. cxd4 {[%clk 01:25:51]} {[%emt 00:00:04]} d5 {[%clk
01:21:50]} {[%emt 00:00:45]} 14. e5 {[%clk 01:26:16]} {[%emt 00:00:05]} Bxa3
{[%clk 01:19:08]} {[%emt 00:03:12]} 15. Bd3 {[%clk 01:26:38]} {[%emt 00:00:08]}
Be7 {[%clk 01:11:52]} {[%emt 00:07:46]} 16. exf6 {[%clk 01:26:38]} {[%emt
00:00:31]} Nxf6 {[%clk 01:06:20]} {[%emt 00:06:02]} 17. Ne5 {[%clk 01:24:55]}
{[%emt 00:02:13]} Qd6 {[%clk 00:54:26]} {[%emt 00:12:24]} 18. Bxa6 {[%clk
01:05:36]} {[%emt 00:19:49]} Bxa6 {[%clk 00:53:24]} {[%emt 00:01:32]} 19. Qxa6
{[%clk 01:06:00]} {[%emt 00:00:06]} O-O {[%clk 00:53:46]} {[%emt 00:00:07]} 20.
Qb5 {[%clk 01:05:29]} {[%emt 00:01:02]} Ra8 {[%clk 00:17:59]} {[%emt 00:36:17]}
21. Bf4 {[%clk 01:01:38]} {[%emt 00:04:21]} Ra5 {[%clk 00:16:09]} {[%emt
00:02:21]} 22. Qe2 {[%clk 00:56:16]} {[%emt 00:05:52]} Rfa8 {[%clk 00:15:00]}
{[%emt 00:01:39]} 23. Rfc1 {[%clk 00:50:45]} {[%emt 00:06:00]} b5 {[%clk
00:13:15]} {[%emt 00:02:16]} 24. Nxf7 {[%clk 00:20:41]} {[%emt 00:30:34]} Qxf4
{[%clk 00:12:46]} {[%emt 00:00:58]} 25. Qxe6 {[%clk 00:21:07]} {[%emt
00:00:04]} Ne4 {[%clk 00:08:21]} {[%emt 00:04:55]} 26. Ne5+ {[%clk 00:16:10]}
{[%emt 00:05:27]} Kh8 {[%clk 00:08:39]} {[%emt 00:00:13]} 27. Rc2 {[%clk
00:10:06]} {[%emt 00:06:34]} Qf6 {[%clk 00:07:56]} {[%emt 00:01:13]} 28. Qxd5
{[%clk 00:09:00]} {[%emt 00:01:36]} Nd6 {[%clk 00:06:30]} {[%emt 00:01:55]} 29.
b4 {[%clk 00:09:26]} {[%emt 00:00:04]} R5a6 {[%clk 00:05:19]} {[%emt 00:01:41]}
30. a5 {[%clk 00:09:51]} {[%emt 00:00:06]} h6 {[%clk 00:05:09]} {[%emt
00:00:40]} 31. Re1 {[%clk 00:10:14]} {[%emt 00:00:06]} Kh7 {[%clk 00:03:44]}
{[%emt 00:01:56]} 32. g3 {[%clk 00:08:58]} {[%emt 00:01:46]} Qf5 {[%clk
00:02:58]} {[%emt 00:01:15]} 33. Rc3 {[%clk 00:04:08]} {[%emt 00:05:20]} Bg5
{[%clk 00:03:23]} {[%emt 00:00:04]} 34. Kg2 {[%clk 00:02:27]} {[%emt 00:02:11]}
Bd2 {[%clk 00:03:36]} {[%emt 00:00:18]} 35. Rf3 {[%clk 00:02:53]} {[%emt
00:00:04]} Qc2 {[%clk 00:03:58]} {[%emt 00:00:08]} 36. Re2 {[%clk 00:03:18]}
{[%emt 00:00:05]} Qd1 {[%clk 00:04:21]} {[%emt 00:00:07]} 37. Re4 {[%clk
00:03:46]} {[%emt 00:00:03]} Nxe4 {[%clk 00:02:12]} {[%emt 00:02:39]} 38. Qxe4+
{[%clk 00:04:12]} {[%emt 00:00:03]} Kh8 {[%clk 00:01:38]} {[%emt 00:01:04]} 39.
d5 {[%clk 00:03:15]} {[%emt 00:01:27]} Bxb4 {[%clk 00:01:20]} {[%emt 00:00:48]}
40. d6 {[%clk 00:02:49]} {[%emt 00:00:56]} Bxd6 {[%clk 00:00:46]} {[%emt
00:01:04]} 41. Nf7+ {[%clk 00:03:06]} {[%emt 00:00:12]} Kg8 {[%clk 00:27:15]}
{[%emt 00:04:01]} 42. Nxh6+ {[%clk 00:33:03]} {[%emt 00:00:34]} gxh6 {[%clk
00:26:24]} {[%emt 00:01:21]} 43. Qg6+ {[%clk 00:33:30]} {[%emt 00:00:03]} Kh8
{[%clk 00:26:49]} {[%emt 00:00:05]} 44. Qxh6+ {[%clk 00:33:59]} {[%emt
00:00:02]} Kg8 {[%clk 00:27:13]} {[%emt 00:00:05]} 45. Qe6+ {[%clk 00:34:25]}
{[%emt 00:00:04]} Kh8 {[%clk 00:27:34]} {[%emt 00:00:09]} 46. Qh6+ {[%clk
00:18:51]} {[%emt 00:16:04]} Kg8 {[%clk 00:27:56]} {[%emt 00:00:08]} 47. Qg6+
{[%clk 00:18:58]} {[%emt 00:00:23]} Kh8 {[%clk 00:28:24]} {[%emt 00:00:02]} 48.
Rf5 {[%clk 00:17:21]} {[%emt 00:02:07]} Bf8 {[%clk 00:27:33]} {[%emt 00:01:21]}
49. Rh5+ {[%clk 00:17:43]} {[%emt 00:00:07]} Qxh5 {[%clk 00:27:58]} {[%emt
00:00:06]} 50. Qxh5+ {[%clk 00:18:11]} {[%emt 00:00:02]} Kg8 {[%clk 00:28:22]}
{[%emt 00:00:06]} 51. Qxb5 {[%clk 00:18:36]} {[%emt 00:00:05]} Rxa5 {[%clk
00:28:47]} {[%emt 00:00:05]} 52. Qc4+ {[%clk 00:19:02]} {[%emt 00:00:05]} Kh8
{[%clk 00:28:59]} {[%emt 00:00:17]} 53. h4 {[%clk 00:19:12]} {[%emt 00:00:20]}
Bg7 {[%clk 00:26:39]} {[%emt 00:02:50]} 54. f4 {[%clk 00:18:22]} {[%emt
00:01:20]} Ra3 {[%clk 00:26:49]} {[%emt 00:00:19]} 55. Qc5 {[%clk 00:14:42]}
{[%emt 00:04:10]} Rd3 {[%clk 00:25:56]} {[%emt 00:01:23]} 56. Kh3 {[%clk
00:13:05]} {[%emt 00:02:07]} Raa3 {[%clk 00:26:17]} {[%emt 00:00:09]} 57. Qh5+
{[%clk 00:13:31]} {[%emt 00:00:04]} Kg8 {[%clk 00:26:43]} {[%emt 00:00:04]} 58.
Qe8+ {[%clk 00:13:58]} {[%emt 00:00:03]}  1/2-1/2